Kultúra bude ohrozeným druhom s dramatikom, hercom, textárom a režisérom Stanislavom Štepkom ...

Bibliographic Details
Main Authors: Gregorová, Anna (ain), Štepka, Stanislav, 1944- (Author, uin)
Format: Article
Language:Slovak
PhysicalDescription:Fotogr.
ISSN:1336-1325
Subjects:

MARC

LEADER 00000nab a2200000 a 4500
001 vtls000861372
003 SK-MaSNL
005 20260303190541.0
008 040806c2004 xo 0 slo
015 |a SNBRB2004/02-03741 
035 |a CLN000212968 
040 |a SNKBUCL  |b slo  |c SNKBUCL  |e AACR2 
041 0 |a slo 
044 |a xo  |c SK 
080 |a 792.071.2  |2 UDC-MRF-SK2 
080 |a 82:929:821.162.4  |2 UDC-MRF-SK2 
080 |a 821.162.4:929  |2 UDC-MRF-SK2 
100 1 |a Gregorová, Anna  |4 ain  |9 267065 
245 1 0 |a Kultúra bude ohrozeným druhom  |b s dramatikom, hercom, textárom a režisérom Stanislavom Štepkom ...  |c [zhovárala sa] Anna Gregorová 
300 |b Fotogr. 
600 1 7 |a Štepka, Stanislav,  |d 1944-  |2 snkbucl  |9 88236 
655 7 |a rozhovory  |2 snkbucl  |9 31831 
655 7 |a články z novín a časopisov  |2 snkbucl  |9 267496 
700 1 |a Štepka, Stanislav,  |d 1944-  |4 aut  |4 uin  |9 88236 
773 0 |x 1336-1325  |t Formát  |g Roč. III, č. 2 (2004), s. 52-54 
850 |a Slovenská národná knižnica v Martine 
852 |a SNK  |b KIS3GCP 
999 |c 2136830  |d 2138760